000 00532 a2200193 4500
005 20240502095543.0
008 240501b |||||||| |||| 00| 0 eng d
020 _a9789356381858
_cRs. 1895.00
040 _aMAIN
082 _a658.4
_bG959O
100 _aGupta, J K
245 _aOganization behaviour
260 _bBlack and Black
_c2023
_aJaipur
300 _a234
440 _aHandbook for BBA and MBA according to new education policy 2023-24
650 _aManagement
650 _aOrganization behaviour
942 _cBK
999 _c310037
_d310037